All Ottawa Senators Players Ever - Statistics

General Stats
  • This quiz has been taken 155 times
    5 since last reset
  • The average score is 198 of 476
Answer Stats
Nat. Player GP Years % Correct
๐Ÿ‡ท๐Ÿ‡บ Alexei Yashin 504 1993-2001
100%
๐Ÿ‡ธ๐Ÿ‡ช Andrรฉ Petersson 1 2011-2012
100%
๐Ÿ‡จ๐Ÿ‡ฆ Andrew Hammond 55 2013-2017
100%
๐Ÿ‡ธ๐Ÿ‡ช Anton Forsberg 142 2020-2025
100%
๐Ÿ‡ท๐Ÿ‡บ Artem Zub 387 2020-2026
100%
๐Ÿ‡จ๐Ÿ‡ฆ Ben Harpur 103 2015-2019
100%
๐Ÿ‡จ๐Ÿ‡ฆ Blair Atcheynum 4 1992-1993
100%
๐Ÿ‡บ๐Ÿ‡ธ Brady Tkachuk 572 2018-2026
100%
๐Ÿ‡จ๐Ÿ‡ฆ Cameron Talbot 36 2022-2023
100%
๐Ÿ‡จ๐Ÿ‡ฆ Carter Yakemchuk 4 2025-2026
100%
๐Ÿ‡บ๐Ÿ‡ธ Chris Bala 6 2001-2002
100%
๐Ÿ‡จ๐Ÿ‡ฆ Chris Kelly 545 2003-2017
100%
๐Ÿ‡จ๐Ÿ‡ฆ Chris Neil 1026 2001-2017
100%
๐Ÿ‡จ๐Ÿ‡ฆ Chris Phillips 1179 1997-2015
100%
๐Ÿ‡บ๐Ÿ‡ธ Christian Wolanin 58 2017-2021
100%
๐Ÿ‡ฉ๐Ÿ‡ช Christoph Schubert 268 2005-2009
100%
๐Ÿ‡บ๐Ÿ‡ธ Chris Wideman 175 2015-2019
100%
๐Ÿ‡จ๐Ÿ‡ฆ Claude Giroux 327 2022-2026
100%
๐Ÿ‡จ๐Ÿ‡ฆ Colin Greening 256 2010-2016
100%
๐Ÿ‡บ๐Ÿ‡ธ Colin White 224 2016-2022
100%
๐Ÿ‡จ๐Ÿ‡ฆ Connor Brown 191 2019-2021
100%
๐Ÿ‡บ๐Ÿ‡ธ Craig Anderson 435 2010-2020
100%
๐Ÿ‡จ๐Ÿ‡ฆ Curtis Lazar 176 2014-2017
100%
๐Ÿ‡ธ๐Ÿ‡ช Daniel Alfredsson 1178 1995-2013
100%
๐Ÿ‡จ๐Ÿ‡ฆ Dany Heatley 317 2005-2009
100%
๐Ÿ‡จ๐Ÿ‡ฆ Dennis Gilbert 12 2024-2026
100%
๐Ÿ‡จ๐Ÿ‡ฆ Derek Smith 11 2009-2011
100%
๐Ÿ‡จ๐Ÿ‡ฟ Dominik Haลกek 43 2005-2006
100%
๐Ÿ‡จ๐Ÿ‡ฆ Drake Batherson 470 2018-2026
100%
๐Ÿ‡ฉ๐Ÿ‡ช Erich Goldmann 1 1999-2000
100%
๐Ÿ‡ธ๐Ÿ‡ช Erik Karlsson 627 2009-2018
100%
๐Ÿ‡ท๐Ÿ‡บ Evgenii Dadonov 55 2020-2021
100%
๐Ÿ‡ธ๐Ÿ‡ช Fabian Zetterlund 102 2024-2026
100%
๐Ÿ‡ธ๐Ÿ‡ช Filip Gustavsson 27 2020-2022
100%
๐Ÿ‡จ๐Ÿ‡ฟ Filip Kuba 261 2008-2012
100%
๐Ÿ‡จ๐Ÿ‡ฆ Hayden Hodgson 12 2024-2026
100%
๐Ÿ‡บ๐Ÿ‡ธ Hunter Shepard 1 2025-2026
100%
๐Ÿ‡จ๐Ÿ‡ฆ Jacob Bernard-Docker 129 2020-2025
100%
๐Ÿ‡บ๐Ÿ‡ธ Jake Sanderson 303 2022-2026
100%
๐Ÿ‡จ๐Ÿ‡ฆ Jakob Chychrun 94 2022-2024
100%
๐Ÿ‡จ๐Ÿ‡ฆ James Reimer 14 2025-2026
100%
๐Ÿ‡จ๐Ÿ‡ฆ Jamie Baker 76 1992-1993
100%
๐Ÿ‡จ๐Ÿ‡ฟ Jan Jenรญk 2 2024-2025
100%
๐Ÿ‡จ๐Ÿ‡ฆ Jason Smith 63 2008-2009
100%
๐Ÿ‡จ๐Ÿ‡ฆ Jason Spezza 686 2002-2014
100%
๐Ÿ‡จ๐Ÿ‡ฆ Jason York 380 1996-2001
100%
๐Ÿ‡จ๐Ÿ‡ฆ Jean-Gabriel Pageau 428 2012-2020
100%
๐Ÿ‡จ๐Ÿ‡ฆ Jim Thomson 15 1992-1993
100%
๐Ÿ‡บ๐Ÿ‡ธ Joey Daccord 9 2018-2021
100%
๐Ÿ‡จ๐Ÿ‡ฆ Josh Brown 72 2020-2022
100%
๐Ÿ‡บ๐Ÿ‡ธ Josh Norris 236 2019-2025
100%
๐Ÿ‡ซ๐Ÿ‡ฎ Juha Ylรถnen 15 2001-2002
100%
๐Ÿ‡จ๐Ÿ‡ฆ Ken Hammond 62 1992-1993
100%
๐Ÿ‡จ๐Ÿ‡ฆ Kurtis MacDermid 19 2025-2026
100%
๐Ÿ‡ฉ๐Ÿ‡ฐ Lars Eller 68 2025-2026
100%
๐Ÿ‡ซ๐Ÿ‡ฎ Lassi Thomson 29 2021-2026
100%
๐Ÿ‡จ๐Ÿ‡ฆ Laurie Boschman 70 1992-1993
100%
๐Ÿ‡ซ๐Ÿ‡ฎ Leevi Merilรคinen 34 2022-2026
100%
๐Ÿ‡ธ๐Ÿ‡ช Linus Ullmark 93 2024-2026
100%
๐Ÿ‡บ๐Ÿ‡ธ Logan Brown 30 2017-2021
100%
๐Ÿ‡ฉ๐Ÿ‡ฐ Mads Sรธgaard 31 2021-2026
100%
๐Ÿ‡ธ๐Ÿ‡ฐ Mariรกn Hossa 467 1997-2004
100%
๐Ÿ‡บ๐Ÿ‡ธ Mark Kastelic 144 2021-2024
100%
๐Ÿ‡จ๐Ÿ‡ฆ Mark Lamb 137 1992-1994
100%
๐Ÿ‡จ๐Ÿ‡ญ Martin Gerber 100 2006-2009
100%
๐Ÿ‡จ๐Ÿ‡ฟ Martin Havlรกt 298 2000-2006
100%
๐Ÿ‡จ๐Ÿ‡ฆ Matt Duchene 118 2017-2019
100%
๐Ÿ‡จ๐Ÿ‡ฆ Matthew Highmore 48 2023-2025
100%
๐Ÿ‡จ๐Ÿ‡ฆ Matt Kassian 48 2012-2014
100%
๐Ÿ‡จ๐Ÿ‡ฆ Michael Amadio 158 2021-2026
100%
๐Ÿ‡จ๐Ÿ‡ฆ Mike Hoffman 342 2011-2018
100%
๐Ÿ‡บ๐Ÿ‡ธ Nate Thompson 43 2017-2018
100%
๐Ÿ‡จ๐Ÿ‡ฆ Nelson Emerson 3 1998-1999
100%
๐Ÿ‡จ๐Ÿ‡ฆ Nick Cousins 131 2024-2026
100%
๐Ÿ‡บ๐Ÿ‡ธ Nick Jensen 132 2024-2026
100%
๐Ÿ‡ท๐Ÿ‡บ Nikita Filatov 9 2011-2012
100%
๐Ÿ‡จ๐Ÿ‡ฆ Norm Maciver 161 1992-1995
100%
๐Ÿ‡ท๐Ÿ‡บ Oleg Saprykin 12 2006-2007
100%
๐Ÿ‡ธ๐Ÿ‡ช Olle Lycksell 7 2025-2026
100%
๐Ÿ‡จ๐Ÿ‡ฆ Parker Kelly 177 2020-2024
100%
๐Ÿ‡บ๐Ÿ‡ธ Patrick Brown 18 2022-2023
100%
๐Ÿ‡จ๐Ÿ‡ฆ Patrick Lalime 283 1999-2004
100%
๐Ÿ‡จ๐Ÿ‡ฆ Patrick Wiercioch 211 2010-2016
100%
๐Ÿ‡จ๐Ÿ‡ฟ Radek Bonk 689 1994-2004
100%
๐Ÿ‡จ๐Ÿ‡ฆ Ray Emery 134 2002-2008
100%
๐Ÿ‡จ๐Ÿ‡ฆ Ridly Greig 247 2022-2026
100%
๐Ÿ‡จ๐Ÿ‡ญ Roman Wick 7 2010-2011
100%
๐Ÿ‡จ๐Ÿ‡ฆ Ron Tugnutt 166 1996-2000
100%
๐Ÿ‡ฑ๐Ÿ‡ป Sergei Zholtok 135 1996-1998
100%
๐Ÿ‡บ๐Ÿ‡ธ Shane Pinto 282 2020-2026
100%
๐Ÿ‡ซ๐Ÿ‡ท Stรฉphane Da Costa 47 2010-2014
100%
๐Ÿ‡บ๐Ÿ‡ธ Steve Leach 9 1998-1999
100%
๐Ÿ‡จ๐Ÿ‡ฆ Thomas Chabot 432 2016-2024
100%
๐Ÿ‡ฉ๐Ÿ‡ช Tim Stรผtzle 447 2020-2026
100%
๐Ÿ‡จ๐Ÿ‡ฆ Todd White 230 2000-2004
100%
๐Ÿ‡จ๐Ÿ‡ฆ Travis Hamonic 201 2021-2025
100%
๐Ÿ‡บ๐Ÿ‡ธ Tyler Kleven 166 2022-2026
100%
๐Ÿ‡จ๐Ÿ‡ฟ Vรกclav Varaฤa 117 2002-2006
100%
๐Ÿ‡ท๐Ÿ‡บ Vladimir Tarasenko 57 2023-2024
100%
๐Ÿ‡จ๐Ÿ‡ฆ Wade Redden 838 1996-2004
100%
๐Ÿ‡จ๐Ÿ‡ฆ Warren Foegele 21 2025-2026
100%
๐Ÿ‡จ๐Ÿ‡ฆ Xavier Bourgault 2 2025-2026
100%
๐Ÿ‡จ๐Ÿ‡ฆ Zack MacEwen 51 2023-2025
100%
๐Ÿ‡จ๐Ÿ‡ฆ Zack Smith 612 2008-2019
100%
๐Ÿ‡บ๐Ÿ‡ธ Adam Gaudette 131 2021-2025
50%
๐Ÿ‡จ๐Ÿ‡ฟ Aleลก Hemskรฝ 20 2013-2014
50%
๐Ÿ‡จ๐Ÿ‡ฆ Alexandre Burrows 91 2016-2018
50%
๐Ÿ‡จ๐Ÿ‡ฆ Alex Auld 57 2008-2012
50%
๐Ÿ‡จ๐Ÿ‡ฆ Alex Chiasson 153 2014-2016
50%
๐Ÿ‡ท๐Ÿ‡บ Alexei Kaigorodov 6 2006-2007
50%
๐Ÿ‡จ๐Ÿ‡ฆ Alex Formenton 109 2017-2022
50%
๐Ÿ‡บ๐Ÿ‡ธ Alex Galchenyuk 8 2020-2021
50%
๐Ÿ‡ธ๐Ÿ‡ช Andreas Dackell 401 1996-2001
50%
๐Ÿ‡ธ๐Ÿ‡ช Andreas Johansson 69 1998-1999
50%
๐Ÿ‡ธ๐Ÿ‡ฐ Andrej Meszaros 246 2005-2008
50%
๐Ÿ‡จ๐Ÿ‡ฆ Andrรฉ Roy 193 1999-2002
50%
๐Ÿ‡จ๐Ÿ‡ฆ Andrew Agozzino 1 2021-2022
50%
๐Ÿ‡จ๐Ÿ‡ฆ Angus Crookshank 21 2023-2025
50%
๐Ÿ‡จ๐Ÿ‡ฆ Antoine Vermette 359 2003-2009
50%
๐Ÿ‡ท๐Ÿ‡บ Artem Anisimov 68 2019-2021
50%
๐Ÿ‡บ๐Ÿ‡ธ Ben Bishop 23 2011-2013
50%
๐Ÿ‡จ๐Ÿ‡ฆ Ben Sexton 2 2017-2018
50%
๐Ÿ‡บ๐Ÿ‡ธ Bobby Ryan 455 2013-2020
50%
๐Ÿ‡จ๐Ÿ‡ฆ Bokondji Imama 6 2023-2024
50%
๐Ÿ‡จ๐Ÿ‡ฆ Boris Katchouk 21 2023-2024
50%
๐Ÿ‡จ๐Ÿ‡ฆ Brad Marsh 59 1992-1993
50%
๐Ÿ‡จ๐Ÿ‡ฆ Brad Shaw 149 1992-1995
50%
๐Ÿ‡บ๐Ÿ‡ธ Brandon Bochenski 20 2005-2006
50%
๐Ÿ‡จ๐Ÿ‡ฆ Brendan Bell 53 2008-2009
50%
๐Ÿ‡บ๐Ÿ‡ธ Brian Gibbons 20 2018-2019
50%
๐Ÿ‡จ๐Ÿ‡ฆ Brian Glynn 48 1993-1994
50%
๐Ÿ‡บ๐Ÿ‡ธ Brian Lee 167 2007-2012
50%
๐Ÿ‡จ๐Ÿ‡ฆ Brian McGrattan 143 2005-2008
50%
๐Ÿ‡บ๐Ÿ‡ธ Brian Pothier 146 2002-2006
50%
๐Ÿ‡จ๐Ÿ‡ฆ Bruce Gardiner 191 1996-2000
50%
๐Ÿ‡บ๐Ÿ‡ธ Bryan Smolinski 171 2002-2006
50%
๐Ÿ‡จ๐Ÿ‡ฆ Cameron Crotty 6 2025-2026
50%
๐Ÿ‡บ๐Ÿ‡ธ Casey Bailey 7 2016-2017
50%
๐Ÿ‡จ๐Ÿ‡ฆ Cรฉdric Paquette 9 2020-2021
50%
๐Ÿ‡จ๐Ÿ‡ฆ Chris Campoli 150 2008-2011
50%
๐Ÿ‡บ๐Ÿ‡ธ Chris Dahlquist 70 1994-1996
50%
๐Ÿ‡จ๐Ÿ‡ฆ Chris DiDomenico 27 2016-2018
50%
๐Ÿ‡จ๐Ÿ‡ฆ Chris Herperger 72 2001-2002
50%
๐Ÿ‡จ๐Ÿ‡ฆ Chris Murray 84 1997-1999
50%
๐Ÿ‡จ๐Ÿ‡ฆ Chris Tierney 277 2018-2022
50%
๐Ÿ‡จ๐Ÿ‡ฆ Clark Bishop 22 2020-2022
50%
๐Ÿ‡จ๐Ÿ‡ฆ Cody Ceci 440 2013-2019
50%
๐Ÿ‡จ๐Ÿ‡ฆ Cody Goloubef 29 2018-2020
50%
๐Ÿ‡จ๐Ÿ‡ฆ Cory Stillman 24 2007-2008
50%
๐Ÿ‡จ๐Ÿ‡ฆ Craig Billington 72 1993-1995
50%
๐Ÿ‡จ๐Ÿ‡ฆ Curtis Leschyshyn 200 2000-2004
50%
๐Ÿ‡จ๐Ÿ‡ฆ Curtis McElhinney 7 2010-2011
50%
๐Ÿ‡จ๐Ÿ‡ฆ Daniel Berthiaume 26 1992-1994
50%
๐Ÿ‡จ๐Ÿ‡ฆ Dan Quinn 41 1993-1996
50%
๐Ÿ‡จ๐Ÿ‡ฆ Darren Archibald 3 2018-2019
50%
๐Ÿ‡จ๐Ÿ‡ฆ Dave Archibald 135 1992-1996
50%
๐Ÿ‡จ๐Ÿ‡ฆ Dave McLlwain 110 1993-1996
50%
๐Ÿ‡จ๐Ÿ‡ฆ David Dziurzynski 26 2012-2016
50%
๐Ÿ‡จ๐Ÿ‡ฆ David Perron 92 2024-2026
50%
๐Ÿ‡ธ๐Ÿ‡ช David Rundblad 24 2011-2012
50%
๐Ÿ‡จ๐Ÿ‡ฆ Dean McAmmond 193 2006-2009
50%
๐Ÿ‡จ๐Ÿ‡ฆ Dennis Vial 176 1993-1998
50%
๐Ÿ‡จ๐Ÿ‡ฆ Denny Lambert 152 1996-1998
50%
๐Ÿ‡จ๐Ÿ‡ฆ Dillon Heatherington 12 2021-2023
50%
๐Ÿ‡จ๐Ÿ‡ฆ Dion Phaneuf 154 2015-2018
50%
๐Ÿ‡ท๐Ÿ‡บ Dmitri Filimonov 30 1993-1994
50%
๐Ÿ‡จ๐Ÿ‡ฟ Dominik Kubalรญk 74 2023-2024
50%
๐Ÿ‡จ๐Ÿ‡ฆ Don Beaupre 71 1994-1996
50%
๐Ÿ‡จ๐Ÿ‡ฆ Donovan Sebrango 4 2024-2026
50%
๐Ÿ‡จ๐Ÿ‡ฆ Dylan Cozens 103 2024-2026
50%
๐Ÿ‡จ๐Ÿ‡ฆ Dylan Ferguson 2 2022-2023
50%
๐Ÿ‡ท๐Ÿ‡บ Egor Sokolov 13 2021-2023
50%
๐Ÿ‡จ๐Ÿ‡ฆ Eric Gryba 165 2012-2015
50%
๐Ÿ‡บ๐Ÿ‡ธ Erik Condra 299 2010-2015
50%
๐Ÿ‡จ๐Ÿ‡ฆ Erik Gudbranson 36 2020-2021
50%
๐Ÿ‡จ๐Ÿ‡ฆ Francis Lessard 24 2010-2011
50%
๐Ÿ‡จ๐Ÿ‡ฟ Frank Musil 122 1995-1997
50%
๐Ÿ‡จ๐Ÿ‡ฆ Gord Dineen 109 1992-1994
50%
๐Ÿ‡จ๐Ÿ‡ฆ Grant Ledyard 40 1999-2000
50%
๐Ÿ‡จ๐Ÿ‡ฆ Greg De Vries 13 2003-2004
50%
๐Ÿ‡ท๐Ÿ‡บ Igor Kravchuk 239 1997-2001
50%
๐Ÿ‡ท๐Ÿ‡บ Ilya Zubov 11 2007-2009
50%
๐Ÿ‡ธ๐Ÿ‡ฐ Ivan ฤŒiernik 29 1997-2002
50%
๐Ÿ‡จ๐Ÿ‡ฆ Jack Rodewald 10 2017-2019
50%
๐Ÿ‡ธ๐Ÿ‡ช Jakob Silfverberg 48 2011-2013
50%
๐Ÿ‡ซ๐Ÿ‡ฎ Janne Laukkanen 266 1995-2000
50%
๐Ÿ‡จ๐Ÿ‡ฆ Jared Cowen 249 2009-2016
50%
๐Ÿ‡ซ๐Ÿ‡ฎ Jarmo Kekรคlรคinen 28 1993-1994
50%
๐Ÿ‡บ๐Ÿ‡ธ Jason Zent 25 1996-1998
50%
๐Ÿ‡จ๐Ÿ‡ฆ Jayce Hawryluk 11 2019-2020
50%
๐Ÿ‡จ๐Ÿ‡ฆ Jean-Yves Roy 4 1995-1996
50%
๐Ÿ‡บ๐Ÿ‡ธ Jeff Lazaro 26 1992-1993
50%
๐Ÿ‡จ๐Ÿ‡ฆ Jim Paek 29 1994-1995
50%
๐Ÿ‡จ๐Ÿ‡ฟ Jiล™รญ Smejkal 20 2023-2024
50%
๐Ÿ‡จ๐Ÿ‡ฆ Jody Hull 164 1992-2004
50%
๐Ÿ‡บ๐Ÿ‡ธ Joe Corvo 152 2006-2014
50%
๐Ÿ‡จ๐Ÿ‡ฆ Joey Tetarenko 2 2002-2003
50%
๐Ÿ‡บ๐Ÿ‡ธ John Emmons 51 1999-2001
50%
๐Ÿ‡ธ๐Ÿ‡ช Johnny Oduya 51 2017-2018
50%
๐Ÿ‡จ๐Ÿ‡ฆ Jonathan Cheechoo 61 2009-2010
50%
๐Ÿ‡ธ๐Ÿ‡ช Jonathan Davidsson 6 2019-2020
50%
๐Ÿ‡ซ๐Ÿ‡ฎ Joonas Korpisalo 55 2023-2024
50%
๐Ÿ‡จ๐Ÿ‡ฆ Jordan Spence 73 2025-2026
50%
๐Ÿ‡จ๐Ÿ‡ฆ Jordan Szwarz 3 2019-2020
50%
๐Ÿ‡จ๐Ÿ‡ฆ Jorian Donovan 2 2025-2026
50%
๐Ÿ‡จ๐Ÿ‡ญ Julien Vauclair 1 2003-2004
50%
๐Ÿ‡ฑ๐Ÿ‡ป Kaspars Daugavins 85 2009-2013
50%
๐Ÿ‡จ๐Ÿ‡ฆ Kerry Huffman 114 1993-1996
50%
๐Ÿ‡จ๐Ÿ‡ฆ Kevin Dineen 67 1999-2000
50%
๐Ÿ‡จ๐Ÿ‡ฆ Kevin Mandolese 3 2022-2023
50%
๐Ÿ‡จ๐Ÿ‡ฆ Kyle Turris 407 2011-2018
50%
๐Ÿ‡จ๐Ÿ‡ฆ Logan Shaw 17 2021-2022
50%
๐Ÿ‡ธ๐Ÿ‡ช Magnus Hellberg 1 2022-2023
50%
๐Ÿ‡ธ๐Ÿ‡ช Magnus Pรครคjรคrvi 115 2017-2019
50%
๐Ÿ‡จ๐Ÿ‡ฆ Marc Methot 304 2012-2017
50%
๐Ÿ‡ธ๐Ÿ‡ช Marcus Hรถgberg 42 2018-2021
50%
๐Ÿ‡ธ๐Ÿ‡ฐ Mariรกn Gรกborรญk 16 2017-2018
50%
๐Ÿ‡จ๐Ÿ‡ฆ Mark Laforest 5 1993-1994
50%
๐Ÿ‡จ๐Ÿ‡ฆ Mark Stone 366 2011-2019
50%
๐Ÿ‡จ๐Ÿ‡ฟ Martin Prusek 48 2001-2004
50%
๐Ÿ‡จ๐Ÿ‡ฆ Martin St. Amour 1 1992-1993
50%
๐Ÿ‡ฐ๐Ÿ‡ฟ Martin St. Pierre 3 2009-2010
50%
๐Ÿ‡บ๐Ÿ‡ธ Matt Cullen 21 2009-2010
50%
๐Ÿ‡จ๐Ÿ‡ฆ Matt Murray 47 2020-2022
50%
๐Ÿ‡จ๐Ÿ‡ฆ Matt Puempel 52 2014-2017
50%
๐Ÿ‡จ๐Ÿ‡ฆ Maxence Guenette 8 2022-2024
50%
๐Ÿ‡จ๐Ÿ‡ฆ Max Vรฉronneau 16 2018-2020
50%
๐Ÿ‡จ๐Ÿ‡ฆ Michael Del Zotto 26 2021-2022
50%
๐Ÿ‡ธ๐Ÿ‡ช Mika Zibanejad 281 2011-2016
50%
๐Ÿ‡จ๐Ÿ‡ฆ Mike Bales 22 1994-1997
50%
๐Ÿ‡จ๐Ÿ‡ฆ Mike Brodeur 7 2009-2011
50%
๐Ÿ‡จ๐Ÿ‡ฆ Mike Commodore 26 2007-2008
50%
๐Ÿ‡จ๐Ÿ‡ฆ Mike Comrie 63 2006-2009
50%
๐Ÿ‡บ๐Ÿ‡ธ Mike Condon 73 2016-2019
50%
๐Ÿ‡จ๐Ÿ‡ฆ Mike Fisher 675 1999-2011
50%
๐Ÿ‡จ๐Ÿ‡ฆ Mike Sillinger 13 2000-2001
50%
๐Ÿ‡ฉ๐Ÿ‡ฐ Mikkel Bรธdker 91 2018-2020
50%
๐Ÿ‡จ๐Ÿ‡ฟ Milan Michรกlek 412 2009-2016
50%
๐Ÿ‡จ๐Ÿ‡ฆ Nick Holden 141 2021-2023
50%
๐Ÿ‡ท๐Ÿ‡บ Nikita Zaitsev 203 2019-2023
50%
๐Ÿ‡ซ๐Ÿ‡ฎ Nikolas Matinpalo 95 2023-2026
50%
๐Ÿ‡ธ๐Ÿ‡ช Olle Alsing 4 2020-2021
50%
๐Ÿ‡จ๐Ÿ‡ฆ Pat Falloon 28 1997-1998
50%
๐Ÿ‡บ๐Ÿ‡ธ Patrick Eaves 157 2005-2008
50%
๐Ÿ‡ธ๐Ÿ‡ฐ Pavol Demitra 59 1993-1996
50%
๐Ÿ‡ธ๐Ÿ‡ช Per Gustafsson 9 1997-1998
50%
๐Ÿ‡ฉ๐Ÿ‡ฐ Peter Regin 178 2008-2013
50%
๐Ÿ‡จ๐Ÿ‡ฆ Peter Sidorkiewicz 64 1992-1993
50%
๐Ÿ‡จ๐Ÿ‡ฆ Phil Varone 8 2015-2017
50%
๐Ÿ‡จ๐Ÿ‡ฟ Radek Hamr 11 1992-1994
50%
๐Ÿ‡จ๐Ÿ‡ฆ Randy Cunneyworth 276 1994-1998
50%
๐Ÿ‡ธ๐Ÿ‡ช Ricard Persson 67 2000-2002
50%
๐Ÿ‡บ๐Ÿ‡ธ Rob Gaudreau 88 1994-1996
50%
๐Ÿ‡จ๐Ÿ‡ฆ Rob Klinkhammer 15 2011-2012
50%
๐Ÿ‡จ๐Ÿ‡ฆ Rob Murphy 44 1992-1993
50%
๐Ÿ‡จ๐Ÿ‡ฆ Rob Ray 11 2002-2004
50%
๐Ÿ‡จ๐Ÿ‡ฆ Rob Zamuner 136 1999-2001
50%
๐Ÿ‡บ๐Ÿ‡ธ Ron Hainsey 64 2019-2020
50%
๐Ÿ‡ฑ๐Ÿ‡ป Rลซdolfs Balcers 51 2018-2020
50%
๐Ÿ‡บ๐Ÿ‡ธ Ryan Dzingel 276 2015-2021
50%
๐Ÿ‡จ๐Ÿ‡ฆ Ryan Keller 6 2009-2010
50%
๐Ÿ‡ซ๐Ÿ‡ฎ Sami Salo 195 1998-2002
50%
๐Ÿ‡บ๐Ÿ‡ธ Sean Hill 143 1994-1998
50%
๐Ÿ‡ท๐Ÿ‡บ Sergei Gonchar 186 2010-2013
50%
๐Ÿ‡จ๐Ÿ‡ฆ Shane Hnidy 189 2000-2004
50%
๐Ÿ‡บ๐Ÿ‡ธ Shane Prince 44 2014-2016
50%
๐Ÿ‡จ๐Ÿ‡ฆ Shaun Van Allen 465 1996-2004
50%
๐Ÿ‡บ๐Ÿ‡ธ Shawn McEachern 454 1996-2002
50%
๐Ÿ‡จ๐Ÿ‡ฆ Shean Donovan 177 2007-2010
50%
๐Ÿ‡จ๐Ÿ‡ฆ Stephen Halliday 30 2025-2026
50%
๐Ÿ‡จ๐Ÿ‡ฆ Steve Duchesne 140 1995-1997
50%
๐Ÿ‡จ๐Ÿ‡ฆ Steve Konroyd 8 1993-1994
50%
๐Ÿ‡จ๐Ÿ‡ฆ Steve Weeks 7 1992-1993
50%
๐Ÿ‡จ๐Ÿ‡ฆ Sylvain Turgeon 152 1992-1995
50%
๐Ÿ‡บ๐Ÿ‡ธ Tom Barrasso 7 1999-2000
50%
๐Ÿ‡บ๐Ÿ‡ธ Tommy Wingels 36 2016-2017
50%
๐Ÿ‡บ๐Ÿ‡ธ Tom Preissing 80 2006-2007
50%
๐Ÿ‡จ๐Ÿ‡ฆ Tom Pyatt 200 2016-2019
50%
๐Ÿ‡ซ๐Ÿ‡ฎ Toni Dahlman 22 2001-2003
50%
๐Ÿ‡จ๐Ÿ‡ฆ Troy Mallette 169 1993-1996
50%
๐Ÿ‡จ๐Ÿ‡ฆ Troy Murray 48 1993-1995
50%
๐Ÿ‡บ๐Ÿ‡ธ Tyler Arnason 19 2005-2006
50%
๐Ÿ‡จ๐Ÿ‡ฆ Tyler Ennis 118 2019-2022
50%
๐Ÿ‡บ๐Ÿ‡ธ Tyler Motte 38 2022-2023
50%
๐Ÿ‡จ๐Ÿ‡ฟ Vรกclav Prospal 213 1997-2001
50%
๐Ÿ‡จ๐Ÿ‡ฆ Victor Mete 51 2020-2022
50%
๐Ÿ‡ท๐Ÿ‡บ Vitaly Abramov 5 2018-2021
50%
๐Ÿ‡ท๐Ÿ‡บ Vladislav Namestnikov 54 2019-2020
50%
๐Ÿ‡จ๐Ÿ‡ฆ Yves Sarault 22 1998-2000
50%
๐Ÿ‡ธ๐Ÿ‡ฐ Zdeno Chรกra 299 2001-2006
50%
๐Ÿ‡จ๐Ÿ‡ฆ Zenon Konopka 55 2011-2012
50%
๐Ÿ‡ท๐Ÿ‡บ Alexander Nikulin 2 2007-2008
0%
๐Ÿ‡จ๐Ÿ‡ฆ Alexandre Daigle 301 1993-1998
0%
๐Ÿ‡จ๐Ÿ‡ฆ Alexandre Picard 92 2008-2010
0%
๐Ÿ‡บ๐Ÿ‡ธ Alex DeBrincat 82 2022-2023
0%
๐Ÿ‡ท๐Ÿ‡บ Alexei Kovalev 131 2009-2011
0%
๐Ÿ‡ธ๐Ÿ‡ช Anders Nilsson 44 2018-2020
0%
๐Ÿ‡ธ๐Ÿ‡ช Andreas Englund 33 2016-2020
0%
๐Ÿ‡จ๐Ÿ‡ฆ Andrรฉ Benoit 41 2010-2013
0%
๐Ÿ‡จ๐Ÿ‡ฆ Andrew McBain 114 1992-1994
0%
๐Ÿ‡บ๐Ÿ‡ธ Andy Schneider 10 1993-1994
0%
๐Ÿ‡จ๐Ÿ‡ฆ Andy Sutton 18 2009-2010
0%
๐Ÿ‡จ๐Ÿ‡ฆ Anthony Duclair 87 2018-2020
0%
๐Ÿ‡ท๐Ÿ‡บ Anton Volchenkov 428 2002-2010
0%
๐Ÿ‡ซ๐Ÿ‡ฎ Antti Tormanen 50 1995-1996
0%
๐Ÿ‡บ๐Ÿ‡ธ Arthur Kaliyev 2 2025-2026
0%
๐Ÿ‡บ๐Ÿ‡ธ Austin Watson 176 2020-2023
0%
๐Ÿ‡จ๐Ÿ‡ฆ Benoรฎt Brunet 13 2001-2002
0%
๐Ÿ‡จ๐Ÿ‡ฆ Bill Berg 44 1998-1999
0%
๐Ÿ‡จ๐Ÿ‡ฆ Bill Huard 89 1993-1995
0%
๐Ÿ‡จ๐Ÿ‡ฆ Bill Muckalt 70 2001-2002
0%
๐Ÿ‡บ๐Ÿ‡ธ Bobby Butler 94 2009-2012
0%
๐Ÿ‡จ๐Ÿ‡ฆ Bobby Dollas 1 1999-2000
0%
๐Ÿ‡บ๐Ÿ‡ธ Bob Kudelski 90 1992-1994
0%
๐Ÿ‡จ๐Ÿ‡ฆ Brad Lauer 30 1993-1994
0%
๐Ÿ‡จ๐Ÿ‡ฆ Brad Miller 11 1992-1993
0%
๐Ÿ‡บ๐Ÿ‡ธ Brad Norton 7 2005-2006
0%
๐Ÿ‡จ๐Ÿ‡ฆ Brad Smyth 12 2002-2003
0%
๐Ÿ‡จ๐Ÿ‡ฆ Braydon Coburn 16 2020-2021
0%
๐Ÿ‡จ๐Ÿ‡ฆ Brian Elliott 130 2007-2011
0%
๐Ÿ‡จ๐Ÿ‡ฆ Brooks Laich 1 2003-2004
0%
๐Ÿ‡บ๐Ÿ‡ธ Buddy Robinson 7 2015-2017
0%
๐Ÿ‡จ๐Ÿ‡ฆ Chad Penney 3 1993-1994
0%
๐Ÿ‡จ๐Ÿ‡ฆ Chris Driedger 3 2014-2017
0%
๐Ÿ‡บ๐Ÿ‡ธ Chris Luongo 76 1992-1993
0%
๐Ÿ‡ธ๐Ÿ‡ช Christer Olsson 25 1996-1997
0%
๐Ÿ‡ธ๐Ÿ‡ฐ Christiรกn Jaroลก 76 2017-2020
0%
๐Ÿ‡จ๐Ÿ‡ฆ Clarke MacArthur 149 2013-2017
0%
๐Ÿ‡จ๐Ÿ‡ฆ Claude Boivin 18 1993-1995
0%
๐Ÿ‡จ๐Ÿ‡ฆ Cody Bass 34 2007-2011
0%
๐Ÿ‡จ๐Ÿ‡ฆ Cole Reinhardt 18 2021-2025
0%
๐Ÿ‡จ๐Ÿ‡ฆ Colin Forbes 84 1999-2001
0%
๐Ÿ‡จ๐Ÿ‡ฆ Corey Locke 4 2010-2011
0%
๐Ÿ‡จ๐Ÿ‡ฆ Cory Conacher 72 2012-2014
0%
๐Ÿ‡บ๐Ÿ‡ธ Damian Rhodes 181 1995-1999
0%
๐Ÿ‡จ๐Ÿ‡ฆ Daniel Guรฉrard 2 1994-1995
0%
๐Ÿ‡จ๐Ÿ‡ฆ Daniel Laperriรจre 19 1994-1996
0%
๐Ÿ‡ง๐Ÿ‡พ Daniel Taylor 1 2017-2018
0%
๐Ÿ‡จ๐Ÿ‡ฆ Danny Bois 1 2006-2007
0%
๐Ÿ‡จ๐Ÿ‡ฆ Darcy Loewen 123 1992-1994
0%
๐Ÿ‡จ๐Ÿ‡ฆ Darren Rumble 139 1992-1994
0%
๐Ÿ‡จ๐Ÿ‡ฆ Darrin Madeley 39 1992-1995
0%
๐Ÿ‡จ๐Ÿ‡ฆ Dave Hannan 34 1996-1997
0%
๐Ÿ‡บ๐Ÿ‡ธ David Hale 25 2010-2011
0%
๐Ÿ‡บ๐Ÿ‡ธ David Legwand 80 2014-2015
0%
๐Ÿ‡จ๐Ÿ‡ฆ David Oliver 24 1998-2001
0%
๐Ÿ‡จ๐Ÿ‡ฆ David Van Drunen 1 1999-2000
0%
๐Ÿ‡จ๐Ÿ‡ฆ Denis Chassรฉ 22 1996-1997
0%
๐Ÿ‡จ๐Ÿ‡ฆ Denis Hamel 52 2003-2007
0%
๐Ÿ‡จ๐Ÿ‡ฆ Dennis Bonvie 12 2002-2003
0%
๐Ÿ‡จ๐Ÿ‡ฆ Derek Armstrong 9 1997-1998
0%
๐Ÿ‡จ๐Ÿ‡ฆ Derek Grant 25 2012-2014
0%
๐Ÿ‡จ๐Ÿ‡ฆ Derek Mayer 17 1993-1994
0%
๐Ÿ‡บ๐Ÿ‡ธ Derek Stepan 20 2020-2021
0%
๐Ÿ‡จ๐Ÿ‡ฆ Derick Brassard 201 2016-2023
0%
๐Ÿ‡ฆ๐Ÿ‡น Dominic Lavoie 2 1992-1993
0%
๐Ÿ‡จ๐Ÿ‡ฆ Doug Smail 51 1992-1993
0%
๐Ÿ‡จ๐Ÿ‡ฆ Dylan DeMelo 126 2018-2020
0%
๐Ÿ‡จ๐Ÿ‡ฆ Dylan Gambrell 123 2021-2023
0%
๐Ÿ‡จ๐Ÿ‡ฆ Eric Lacroix 9 2000-2001
0%
๐Ÿ‡ธ๐Ÿ‡ช Erik Brรคnnstrรถm 266 2018-2024
0%
๐Ÿ‡บ๐Ÿ‡ธ Erik Burgdoerfer 6 2017-2019
0%
๐Ÿ‡ท๐Ÿ‡บ Evgeny Davydov 43 1993-1995
0%
๐Ÿ‡จ๐Ÿ‡ฟ Filip Chlapรญk 57 2017-2021
0%
๐Ÿ‡จ๐Ÿ‡ฟ Filip Novรกk 11 2005-2006
0%
๐Ÿ‡จ๐Ÿ‡ฆ Franรงois Leroux 23 1993-1994
0%
๐Ÿ‡ธ๐Ÿ‡ช Fredrik Claesson 113 2015-2018
0%
๐Ÿ‡จ๐Ÿ‡ฆ Gabriel Dumont 23 2017-2018
0%
๐Ÿ‡จ๐Ÿ‡ฆ Graeme Townshend 14 1993-1994
0%
๐Ÿ‡จ๐Ÿ‡ฆ Greg Pankewicz 3 1993-1994
0%
๐Ÿ‡จ๐Ÿ‡ฆ Guillaume Latendresse 27 2012-2013
0%
๐Ÿ‡จ๐Ÿ‡ฆ Hank Lammens 27 1993-1994
0%
๐Ÿ‡จ๐Ÿ‡ฆ Herb Raglan 29 1993-1994
0%
๐Ÿ‡ธ๐Ÿ‡ช Jacob Larsson 7 2022-2023
0%
๐Ÿ‡จ๐Ÿ‡ฆ Jake Lucchini 11 2022-2023
0%
๐Ÿ‡จ๐Ÿ‡ฆ Jamie Rivers 47 2000-2002
0%
๐Ÿ‡ซ๐Ÿ‡ฎ Jani Hurme 48 1999-2002
0%
๐Ÿ‡ซ๐Ÿ‡ฎ Jarkko Ruutu 210 2008-2011
0%
๐Ÿ‡จ๐Ÿ‡ฟ Jaroslav Modrรฝ 64 1995-1996
0%
๐Ÿ‡จ๐Ÿ‡ฆ Jean-Christophe Beaudin 22 2019-2020
0%
๐Ÿ‡จ๐Ÿ‡ฆ Jesse Winchester 233 2007-2012
0%
๐Ÿ‡จ๐Ÿ‡ฆ Jim Kyte 4 1992-1993
0%
๐Ÿ‡บ๐Ÿ‡ธ Jim O'Brien 73 2010-2018
0%
๐Ÿ‡จ๐Ÿ‡ฆ Joe Cirella 6 1995-1996
0%
๐Ÿ‡จ๐Ÿ‡ฆ Joรฉ Juneau 65 1999-2000
0%
๐Ÿ‡จ๐Ÿ‡ฆ Joel Kwiatkowski 35 2000-2003
0%
๐Ÿ‡บ๐Ÿ‡ธ John Gruden 22 1998-2000
0%
๐Ÿ‡บ๐Ÿ‡ธ Josh Hennessy 20 2006-2010
0%
๐Ÿ‡บ๐Ÿ‡ธ Josh Langfeld 51 2001-2004
0%
๐Ÿ‡จ๐Ÿ‡ฆ Julien Gauthier 17 2022-2023
0%
๐Ÿ‡จ๐Ÿ‡ฆ Justin Falk 10 2018-2019
0%
๐Ÿ‡ซ๐Ÿ‡ฎ Jyrki Jokipakka 3 2016-2017
0%
๐Ÿ‡จ๐Ÿ‡ฟ Karel Rachลฏnek 246 1999-2004
0%
๐Ÿ‡จ๐Ÿ‡ฆ Kent Paynter 15 1992-1994
0%
๐Ÿ‡จ๐Ÿ‡ฆ Kevin MacDonald 1 1993-1994
0%
๐Ÿ‡บ๐Ÿ‡ธ Kevin Miller 9 1999-2000
0%
๐Ÿ‡บ๐Ÿ‡ธ Lance Pitlick 228 1994-1999
0%
๐Ÿ‡จ๐Ÿ‡ฆ Lawrence Nycholat 4 2006-2008
0%
๐Ÿ‡จ๐Ÿ‡ฆ Lonnie Loach 3 1992-1993
0%
๐Ÿ‡จ๐Ÿ‡ฆ Luke Richardson 78 2007-2009
0%
๐Ÿ‡ธ๐Ÿ‡ช Magnus Arvedson 393 1997-2003
0%
๐Ÿ‡จ๐Ÿ‡ฆ Marc Fortier 10 1992-1993
0%
๐Ÿ‡ธ๐Ÿ‡ฐ Marek Svatoลก 19 2010-2011
0%
๐Ÿ‡จ๐Ÿ‡ฆ Mark Borowiecki 375 2011-2020
0%
๐Ÿ‡จ๐Ÿ‡ฆ Mark Freer 63 1992-1993
0%
๐Ÿ‡บ๐Ÿ‡ธ Mark Osiecki 34 1992-1993
0%
๐Ÿ‡จ๐Ÿ‡ฆ Martin Lapointe 18 2007-2008
0%
๐Ÿ‡จ๐Ÿ‡ฟ Martin Straka 49 1994-1996
0%
๐Ÿ‡จ๐Ÿ‡ฆ Mathieu Joseph 139 2021-2024
0%
๐Ÿ‡จ๐Ÿ‡ฆ Matt Carkner 161 2008-2012
0%
๐Ÿ‡บ๐Ÿ‡ธ Matt Gilroy 14 2011-2012
0%
๐Ÿ‡จ๐Ÿ‡ฆ Matthew Peca 14 2019-2021
0%
๐Ÿ‡จ๐Ÿ‡ฆ Matt O'Connor 1 2015-2016
0%
๐Ÿ‡จ๐Ÿ‡ฆ Maxime Lajoie 62 2018-2020
0%
๐Ÿ‡บ๐Ÿ‡ธ Max McCormick 71 2015-2019
0%
๐Ÿ‡จ๐Ÿ‡ฆ Michael Kostka 15 2015-2016
0%
๐Ÿ‡จ๐Ÿ‡ฆ Micheal Haley 4 2020-2021
0%
๐Ÿ‡จ๐Ÿ‡ฆ Michel Picard 41 1994-1996
0%
๐Ÿ‡จ๐Ÿ‡ฆ Mike Blunden 3 2016-2018
0%
๐Ÿ‡จ๐Ÿ‡ฆ Mike Fountain 2 1999-2001
0%
๐Ÿ‡บ๐Ÿ‡ธ Mike Lundin 11 2012-2013
0%
๐Ÿ‡บ๐Ÿ‡ธ Mike McKenna 10 2018-2019
0%
๐Ÿ‡บ๐Ÿ‡ธ Mike Morrison 4 2005-2006
0%
๐Ÿ‡บ๐Ÿ‡ธ Mike Peluso 81 1992-1993
0%
๐Ÿ‡บ๐Ÿ‡ธ Mike Reilly 70 2019-2021
0%
๐Ÿ‡จ๐Ÿ‡ฆ Nathan Lawson 1 2013-2014
0%
๐Ÿ‡จ๐Ÿ‡ฆ Neil Brady 55 1992-1993
0%
๐Ÿ‡บ๐Ÿ‡ธ Nick Foligno 351 2007-2012
0%
๐Ÿ‡จ๐Ÿ‡ฆ Nick Paul 227 2015-2022
0%
๐Ÿ‡บ๐Ÿ‡ธ Nick Shore 6 2017-2018
0%
๐Ÿ‡จ๐Ÿ‡ฆ Noah Gregor 40 2024-2025
0%
๐Ÿ‡ธ๐Ÿ‡ช Oscar Lindberg 20 2018-2019
0%
๐Ÿ‡จ๐Ÿ‡ฆ Pascal Leclaire 48 2009-2011
0%
๐Ÿ‡จ๐Ÿ‡ฆ Pat Elynuik 70 1994-1996
0%
๐Ÿ‡บ๐Ÿ‡ธ Patrick Sieloff 1 2017-2018
0%
๐Ÿ‡จ๐Ÿ‡ฆ Patrick Traverse 117 1995-2000
0%
๐Ÿ‡บ๐Ÿ‡ธ Paul Carey 5 2018-2019
0%
๐Ÿ‡ธ๐Ÿ‡ฐ Peter Bondra 23 2003-2004
0%
๐Ÿ‡จ๐Ÿ‡ฆ Peter Schaefer 315 2002-2007
0%
๐Ÿ‡ท๐Ÿ‡บ Petr Schastlivy 107 1999-2004
0%
๐Ÿ‡บ๐Ÿ‡ธ Phil Bourque 62 1993-1996
0%
๐Ÿ‡จ๐Ÿ‡ฆ Phil Crowe 43 1996-1999
0%
๐Ÿ‡จ๐Ÿ‡ฆ Phil Von Stefenelli 6 1996-1997
0%
๐Ÿ‡จ๐Ÿ‡ฟ Radim Biฤรกnek 35 1994-1999
0%
๐Ÿ‡จ๐Ÿ‡ฆ Randy Robitaille 68 2007-2008
0%
๐Ÿ‡ธ๐Ÿ‡ช Robert Burakovsky 23 1993-1994
0%
๐Ÿ‡ธ๐Ÿ‡ช Robin Lehner 86 2010-2015
0%
๐Ÿ‡ซ๐Ÿ‡ฎ Roby Jรคrventie 7 2023-2024
0%
๐Ÿ‡จ๐Ÿ‡ฆ Rourke Chartier 43 2022-2024
0%
๐Ÿ‡บ๐Ÿ‡ธ Ryan Potulny 7 2010-2011
0%
๐Ÿ‡บ๐Ÿ‡ธ Ryan Shannon 180 2008-2011
0%
๐Ÿ‡บ๐Ÿ‡ธ Scott Gomez 13 2015-2016
0%
๐Ÿ‡บ๐Ÿ‡ธ Scott Levins 84 1993-1996
0%
๐Ÿ‡จ๐Ÿ‡ฆ Scott Sabourin 42 2019-2022
0%
๐Ÿ‡จ๐Ÿ‡ฆ Sean Gagnon 5 2000-2001
0%
๐Ÿ‡จ๐Ÿ‡ฆ Serge Payer 10 2003-2007
0%
๐Ÿ‡จ๐Ÿ‡ฆ Simon Lajeunesse 1 2001-2002
0%
๐Ÿ‡จ๐Ÿ‡ฟ Stanislav Neckรกล™ 198 1994-1999
0%
๐Ÿ‡จ๐Ÿ‡ฆ Stefan Elliott 3 2018-2019
0%
๐Ÿ‡จ๐Ÿ‡ฆ Steve Larouche 18 1994-1995
0%
๐Ÿ‡จ๐Ÿ‡ฆ Steve Martins 70 1998-2006
0%
๐Ÿ‡บ๐Ÿ‡ธ Ted Donato 13 1998-1999
0%
๐Ÿ‡บ๐Ÿ‡ธ Ted Drury 42 1995-1996
0%
๐Ÿ‡จ๐Ÿ‡ฆ Todd Simpson 16 2003-2004
0%
๐Ÿ‡จ๐Ÿ‡ฟ Tomรกลก Jelรญnek 49 1992-1993
0%
๐Ÿ‡ธ๐Ÿ‡ฐ Tomรกลก Malec 3 2005-2007
0%
๐Ÿ‡บ๐Ÿ‡ธ Tom Chorske 140 1995-1997
0%
๐Ÿ‡จ๐Ÿ‡ฆ Tony Cimellaro 2 1992-1993
0%
๐Ÿ‡จ๐Ÿ‡ฆ Trent McCleary 75 1995-1996
0%
๐Ÿ‡ธ๐Ÿ‡ช Viktor Lodin 1 2021-2022
0%
๐Ÿ‡ธ๐Ÿ‡ช Viktor Stรฅlberg 18 2016-2017
0%
๐Ÿ‡จ๐Ÿ‡ฟ Vladimรญr Rลฏลพiฤka 42 1993-1994
0%
๐Ÿ‡ท๐Ÿ‡บ Vyacheslav Butsayev 5 1998-2000
0%
๐Ÿ‡จ๐Ÿ‡ฆ Zachary Senyshyn 2 2021-2022
0%
๐Ÿ‡บ๐Ÿ‡ธ Zach Sanford 62 2021-2022
0%
๐Ÿ‡จ๐Ÿ‡ฆ Zack Ostapchuk 50 2023-2025
0%
No matching quizzes found
Score Distribution
Percent of People with Each Score
Percentile by Number Answered
Your Score History
You have not taken this quiz since the last reset